000 02170nam a2200421 a 4500
003 DO-SdBNP
005 20240313092933.0
007 ta
008 221130e2022 dr ad||gr|||| 001 e spa d
020 _a9789945015454
040 _aDO-SdBNP
_bspa
_cBNPHU
082 4 _222
_bC755s
245 0 0 _aConsecuencias socioeconómicas del embarazo adolescente en la República Dominicana
_bimplementació de la metodologí para estimar el impacto socioeconómico del embarazo y la maternidad adolescentes en países de América Latina y el Caribe -milena 1.0
_cCoordinación y revisión, Diógenes Lamarche, Dulce Chaín, Iván Rodríguez Bernate; Editor, Diana Batista; Prólogo, Sonia Vásquez
260 _aSanto Domingo :
_bFondo de Población de las naciones Unidas,
_c2022
300 _a88 p. :
_bil., gráf. ;
_c2022
500 _a165 millones de razones, un llamado a la acción para la inversión en adolescentes y jóvenes en América Latina y el Caribe.
500 _aIncluye bibliografía y notas al pié de páginas.
500 _aIncluye siglas y abreviaturas.
504 _aBibliografía: p. 84 -88
505 _aResumen.
505 _aReglas y Abreviaturas.
505 _aPrólogo.
505 _aIntroducción.
_gSección 1.
_tConsecuencias socioeconómicas del embarazo en la adolescencia en la República Dominicana.--
_gSección 2.
_tMemoria de cálculo de la aplicación de la metodología Milena en República Dominicana.--
_tReferencias
590 _aInventariado 2022 / MF
650 4 _913981
_aEmbarazo en Adolescentes
_zRepública Dominicana
650 4 _9383
_aEmbarazo en Adolescentes
_zAmérica Latina.
650 4 _9383
_aAdolescencia
_xAspectos Sociales
650 4 _982376
_aAdolescentes
_xAspectos económicos
650 4 _979717
_aInvestigación
_xMetodología
700 1 _975892
_aLamarche, Diógenes
_ecoord.
700 1 _aChaín, Dulce,
_ecoord.
_982949
700 1 _aRodríguez Bernarte, Iván,
_ecoord.
_982950
700 1 _aBatista, Diana,
_eed.
_982951
700 1 _aVásquez, Sonia
_epról.
_922299
710 2 _aFondo de Naciones Unidas para Actividades en Materia de Población
_952170
910 _aMFeliz
942 _2ddc
_cLBS1
999 _c53039
_d53039